Normale Ansicht MARC-Ansicht ISBD

Der Kalte Krieg / (Titelsatznr. 25952)

[ MARC ]
MARC-Details
000 -Satzkennung
Kontrollfeld mit fester Länge 00526nam a22001691c 4500
001 - Kontrollnummer
Kontrollfeld bv036787620
008 - Feld mit fester Länge zur physischen Beschreibung - Allgemeine Angaben
Kontrollfeld mit fester Länge 150618s2010 gw a||| 000u ger d
020 ## - Internationale Standardbuchnummer
Internationale Standardbuchnummer 9783534234882
Verknüpfung 978-3-534-23488-2
040 ## - Katalogisierungsquelle
Übertragungsstelle RU-10907106
003 - Kontrollnummer Identifier
Kontrollfeld RU-10907106
245 04 - Titel
Titel Der Kalte Krieg /
Verfasserangabe etc. Uta Andrea Balbier ..hrsg. in Zusammenarbeit mit DAMALS
264 ## - Produktion, Veröffentlichung, Distribution, Herstellung und Urheberrechtsvermerk
Herstellungs-, Veröffentlichungs- Vertriebs-, Erzeugungsort Darmstadt :
Produzent, Herausgeber, Distributor, Hersteller WBG, Wissenschaftliche Buchgesellschaft,
Datum der Herstellung, der Veröffentlichung, des Vertriebs oder des Urheberschutzvermerks 2010
300 ## - Physische Beschreibung
Umfang 128 S. : zahlr. Ill., Kt
650 #0 - Nebeneintragung unter einem Schlagwort - Sachschlagwort
Sachschlagwort oder geografischer Name als Eintragungselement Ost-West-Konflikt
655 #0 - Indexierungsterm - Genre/Form
Genre/Form oder fokussierter Term Aufsatzsammlung
942 ## - Zusätzliche Felder (Koha)
Koha-Medientyp Monographien
Exemplare
Ausgeschieden Verloren Klassifikation oder Aufstellungssystematik Beschädigt Nicht entleihbar Heimatbibliothek Aufenthaltsbibliothek Aufstellungsort Erwerbungsdatum Inventarnummer Signatur Barcode Letzte Aktivität Preis gültig von Koha-Medientyp
    Andere/Generische Klassifikation     MWN Osteuropa MWN Osteuropa Lesesaal - 1 18/06/2015 15-01173 X- W 65 B c Bal | W 65 B c Bal E004015073CA504E 23/04/2020 22/03/2021 Monographien